[Event "The New Year Challenge, 2019 Edition"]
[Site "SchemingMind.com"]
[Date "2019.05.27"]
[Round "-"]
[White "Derek Price"]
[Black "kenneth m day"]
[Result "1-0"]
[WhiteCountry "ENG"]
[BlackCountry "USA"]
[WhiteElo "2284"]
[WhiteRD "75"]
[BlackElo "1709"]
[BlackRD "50"]
[GameID "441701"]

1. c4 Nf6 2. g3 g6 3. Bg2 Bg7 4. Nc3 d6 5. Nf3 O-O 6. d4 c5 7. O-O Bg4 8. dxc5 dxc5 9. Qxd8 Rxd8 10. Ne5 Nc6
11. Bxc6 bxc6 12. Nxc6 Rd7 13. f3 Be6 14. Be3 Rc8 15. Na5 Ne8 16. Rac1 Nd6 17. Rfd1 Rcc7 18. Bf4 a6 19. b3 Rc8 20. Na4 h6
21. Nb6 g5 22. Nxc8 Nxc8 23. Rxd7 Bxd7 24. Be3 Bd4 25. Bxd4 cxd4 26. Rd1 e5 27. e3 Bf5 28. exd4 exd4 29. Rxd4
1-0

[Event "The New Year Challenge, 2019 Edition"]
[Site "SchemingMind.com"]
[Date "2019.05.27"]
[Round "-"]
[White "kenneth m day"]
[Black "Derek Price"]
[Result "0-1"]
[WhiteCountry "USA"]
[BlackCountry "ENG"]
[WhiteElo "1709"]
[WhiteRD "50"]
[BlackElo "2284"]
[BlackRD "75"]
[GameID "441702"]

1. e4 c5 2. d4 cxd4 3. c3 Nf6 4. e5 Nd5 5. Bc4 Qc7 6. Qe2 Nb6 7. Bd3 Nc6 8. Nf3 Nb4 9. O-O Nxd3 10. Qxd3 d6
11. cxd4 dxe5 12. Nxe5 f6 13. Nf3 Be6 14. Re1 Bc4 15. Qf5 Qd7 16. Qxd7+ Kxd7 17. Nc3 Rc8 18. Bf4 Nd5 19. Nxd5 Bxd5 20. b3 g5
21. Bg3 e6 22. Rac1 Ba3 23. Rxc8 Rxc8 24. h3 Rc2 25. h4 g4 26. Nh2 h5 27. Nf1 Rxa2 28. Re3 Bb2 29. Rd3 a5 30. Nd2 Ra3
31. Kh2 a4 32. Nb1 Rxb3 33. Rxb3 Bxb3 34. Nd2 Bd5 35. Nb1 b5 36. Bf4 b4 37. Bd2 a3 38. Bxb4 a2
0-1

[Event "The New Year Challenge, 2019 Edition"]
[Site "SchemingMind.com"]
[Date "2019.05.28"]
[Round "-"]
[White "smothered mate"]
[Black "kenneth m day"]
[Result "1-0"]
[WhiteCountry "POL"]
[BlackCountry "USA"]
[WhiteElo "2236"]
[WhiteRD "77"]
[BlackElo "1709"]
[BlackRD "50"]
[GameID "441703"]

1. Nf3 Nf6 2. c4 d6 3. Nc3 g6 4. g3 Bg7 5. Bg2 O-O 6. d4 c6 7. O-O Bg4 8. Qb3 Qc8 9. Re1 Re8 10. d5 e6
11. Be3 exd5 12. cxd5 Nbd7 13. dxc6 bxc6 14. Rac1 Rb8 15. Qa3 Qc7 16. Nd4 d5 17. h3 Be6 18. Bf4 Ne5 19. Ncb5 Qd7 20. Bxe5 cxb5
21. Rc7 Qd8 22. Nc6
1-0

[Event "The New Year Challenge, 2019 Edition"]
[Site "SchemingMind.com"]
[Date "2019.05.28"]
[Round "-"]
[White "kenneth m day"]
[Black "smothered mate"]
[Result "0-1"]
[WhiteCountry "USA"]
[BlackCountry "POL"]
[WhiteElo "1745"]
[WhiteRD "50"]
[BlackElo "2272"]
[BlackRD "80"]
[GameID "441704"]

1. e4 c5 2. d4 cxd4 3. c3 d3 4. Bxd3 Nc6 5. Nf3 d6 6. Bg5 h6 7. Bh4 Bg4 8. Nbd2 Nf6 9. Bxf6 gxf6 10. h3 Be6
11. Qa4 Qa5 12. Qxa5 Nxa5 13. Nd4 Bd7 14. O-O-O Nc6 15. f4 h5 16. N2f3 Bh6 17. g3 e5 18. Ne2 Ne7 19. Kc2 O-O-O 20. Nd2 f5
21. fxe5 dxe5 22. Nf3 fxe4 23. Bxe4 f5 24. Bd3 e4 25. Ne5 exd3+ 26. Rxd3 Be6 27. Nd4 Bd5 28. c4 Bxh1 29. Nf7 Be4
0-1

[Event "The New Year Challenge, 2019 Edition"]
[Site "SchemingMind.com"]
[Date "2019.05.27"]
[Round "-"]
[White "kenneth m day"]
[Black "krzysztof"]
[Result "1-0"]
[WhiteCountry "USA"]
[BlackCountry "POL"]
[WhiteElo "1745"]
[WhiteRD "50"]
[BlackElo "1589"]
[BlackRD "72"]
[GameID "441705"]

1. e4 c5 2. d4 cxd4 3. c3 dxc3 4. Nxc3 e5 5. Bc4 Bb4 6. Bd2 a6 7. Nf3 Bxc3 8. Bxc3 d6 9. O-O Bg4 10. Qe2 Qf6
11. Rad1 Bxf3 12. Qxf3 Qxf3 13. gxf3 Nc6 14. Rxd6 Nf6 15. Rfd1 O-O 16. R1d3 Rfd8 17. Rxd8+ Nxd8 18. Bxe5 Ne6 19. Rd6 Rd8 20. Rxd8+ Nxd8
21. Kf1 Nc6 22. Bc3 Nd7 23. Bd5 Nde5 24. Ke2 Kf8 25. h3 f6 26. f4 Ng6 27. Ke3 Ke7 28. f3 Kd6 29. b3 Nge7 30. Bc4 b5
31. Bf7 Kd7 32. Bb2 Nb4 33. a3 Nbc6 34. Bh5 g6 35. Bg4+ Kd8 36. Bxf6 b4 37. a4 Kc7 38. Bd4 a5 39. Bc5 Kd8 40. Be6 Kc7
41. e5 Nf5+ 42. Kf2 Nfd4 43. Bf7 Kd7 44. Ke3 Ne6 45. Bg8 h6 46. Bh7 g5 47. fxg5 hxg5 48. Bf5 Nd8 49. Bb6 Kc6 50. Bxa5 Kd5
51. Bxb4 Nf7 52. Be4+ Kxe5 53. a5 Nc7 54. Bc3+ Kd6 55. Bd3 Nd5+ 56. Kd4 Nxc3 57. Kxc3 Ne5 58. Be2 Nc6 59. b4 Na7 60. Bd3 Kc6
61. Kc4 Nb5 62. Be4+ Kd6 63. Kxb5 Ke5 64. a6 Kf4 65. a7 Kg3 66. Bf5 Kf4 67. a8=Q Kxf5 68. Qe4+ Kf6 69. Kc6 Kf7 70. Kd6 Kf6
71. Qe6+ Kg7 72. Ke7 Kh8 73. b5 Kh7 74. b6 Kg7 75. Qf6+ Kg8 76. b7 Kh7 77. b8=Q g4 78. Qbh8#
1-0

[Event "The New Year Challenge, 2019 Edition"]
[Site "SchemingMind.com"]
[Date "2019.05.27"]
[Round "-"]
[White "krzysztof"]
[Black "kenneth m day"]
[Result "1-0"]
[WhiteCountry "POL"]
[BlackCountry "USA"]
[WhiteElo "1585"]
[WhiteRD "74"]
[BlackElo "1709"]
[BlackRD "50"]
[GameID "441706"]

1. Nc3 Nf6 2. b3 g6 3. Bb2 Bg7 4. Nf3 O-O 5. e4 d6 6. d3 Nbd7 7. Qd2 Ne5 8. h3 c6 9. Nxe5 dxe5 10. g4 Bd7
11. g5 Nh5 12. Ne2 f6 13. Ng3 Nf4 14. O-O-O Be6 15. h4 Bg4 16. Be2 Be6 17. h5 Qb6 18. Bf3 Rfd8 19. hxg6 Nxg6 20. Nh5 Bh8
21. Rdg1 Kf7 22. gxf6 exf6 23. Ng3 Nf4 24. Rxh7+ Bg7 25. Nh5
1-0

[Event "The New Year Challenge, 2019 Edition"]
[Site "SchemingMind.com"]
[Date "2019.05.28"]
[Round "-"]
[White "kenneth m day"]
[Black "JAHI"]
[Result "0-1"]
[WhiteCountry "USA"]
[BlackCountry "INT"]
[WhiteElo "1708"]
[WhiteRD "53"]
[BlackElo "1904"]
[BlackRD "69"]
[GameID "441707"]

1. e4 d6 2. d4 d5 3. exd5 Qxd5 4. Nc3 Qa5 5. Bd2 c6 6. Nf3 Bg4 7. Bc4 e6 8. O-O h6 9. Re1 h5 10. h3 Bxf3
11. Qxf3 Be7 12. Ne4 Qb6 13. Bc3 h4 14. Rad1 Na6 15. Qg4 g6 16. d5 cxd5 17. Bxh8 dxc4 18. Bc3 Rc8 19. Qf4 Nc5 20. Nd6+ Bxd6
21. Rxd6 Rc6 22. Red1 Rxd6 23. Rxd6 Qc7 24. Be5 Qa5 25. a3 Qe1+ 26. Kh2 Ne4 27. Rd4 Nxf2 28. Qxh4 Qxe5+ 29. Qf4 Qxf4+ 30. Rxf4 Nd1
31. Rxc4 Kf8 32. b3 Ne3 33. Rc7 b6 34. c4 Nf1+ 35. Kg1 Nd2 36. b4 Ne7 37. c5 Ne4 38. Rxa7 bxc5 39. b5 Nd5 40. Ra4 Nd6
41. Kf2 Nxb5 42. Ra5 Nd6 43. Ke2 c4 44. Kd2 Nf4 45. Ra6 Ke7 46. Rc6 Nxg2 47. a4 Nf4 48. a5 Kd7 49. Rc5 Ne4+
0-1

[Event "The New Year Challenge, 2019 Edition"]
[Site "SchemingMind.com"]
[Date "2019.05.28"]
[Round "-"]
[White "JAHI"]
[Black "kenneth m day"]
[Result "1-0"]
[WhiteCountry "INT"]
[BlackCountry "USA"]
[WhiteElo "1904"]
[WhiteRD "69"]
[BlackElo "1708"]
[BlackRD "53"]
[GameID "441708"]

1. c3 Nf6 2. d3 d5 3. Bg5 e5 4. Bxf6 Qxf6 5. e3 Nc6 6. Nd2 Bd6 7. h3 Bd7 8. g3 O-O-O 9. Bg2 Be6 10. a3 h6
11. a4 Qg6 12. Qe2 f5 13. a5 e4 14. a6 b6 15. h4 Ne5 16. d4 Nd3+ 17. Kf1 Rhf8 18. Nh3 Bd7 19. b3 Bb5 20. c4 dxc4
21. bxc4 Bc6 22. Kg1 Qf6 23. Nf4 Nxf4 24. gxf4 Bd7 25. f3 c6 26. fxe4 fxe4 27. Nxe4 Qe7 28. Rh2 Bc7 29. Qd3 Bf5 30. Bh3 Bxh3
31. Rxh3 Qe6 32. Rg3 g6 33. Kf2 Rde8 34. Nd2 Rf6 35. Rag1 Rg8 36. Nf3 Rf5 37. Qb1 Re8 38. Qd3 Rg8 39. d5 cxd5 40. Nd4 dxc4
41. Qxf5
1-0

[Event "The New Year Challenge, 2019 Edition"]
[Site "SchemingMind.com"]
[Date "2019.05.27"]
[Round "-"]
[White "kenneth m day"]
[Black "Henk Miedema"]
[Result "1-0"]
[WhiteCountry "USA"]
[BlackCountry "NED"]
[WhiteElo "1730"]
[WhiteRD "54"]
[BlackElo "888"]
[BlackRD "76"]
[GameID "441709"]

1. e4 e5 2. f4 d6 3. Nf3 f5 4. Bc4 Nh6 5. Nc3 Nc6 6. O-O Be7 7. d3 b6 8. Bd5 Bd7 9. Ng5 Bf6 10. Ne6 Qe7
11. Nxc7+ Kf8 12. Nxa8 Nd4 13. Nc7 Bc8 14. N7b5 a6 15. Nxd4 exd4 16. Ne2 Ng4 17. c3 b5 18. Nxd4 Bd7 19. Nxf5 Qd8 20. Qxg4 Be8
21. Be3 h5 22. Qd1 Qd7 23. Bd4 a5 24. Bxf6 gxf6 25. Qf3 Bg6 26. Rae1 Bxf5 27. exf5 b4 28. Bc6 Qa7+ 29. Kh1 bxc3 30. bxc3 Qc5
31. Re8+
1-0

[Event "The New Year Challenge, 2019 Edition"]
[Site "SchemingMind.com"]
[Date "2019.05.27"]
[Round "-"]
[White "Henk Miedema"]
[Black "kenneth m day"]
[Result "0-1"]
[WhiteCountry "NED"]
[BlackCountry "USA"]
[WhiteElo "888"]
[WhiteRD "76"]
[BlackElo "1730"]
[BlackRD "54"]
[GameID "441710"]

1. d4 Nf6 2. f3 d5 3. e3 Nc6 4. b3 e5 5. Qd3 g6 6. e4 Bg7 7. Ne2 O-O 8. Nd2 dxe4 9. fxe4 Re8 10. Bb2 Nxd4
11. O-O-O Ng4 12. Qg3 c5 13. c3 Nb5 14. h3 Nf6 15. Qe3 b6 16. Ng3 Nd6 17. c4 Bb7 18. Ba3 Nd7 19. Qd3 Nf8 20. Be2 Ne6
21. Bb2 Nf4 22. Qf3 Qd7 23. a3 a6 24. Qc3 h5 25. b4 h4 26. Ngf1 Nxe2+ 27. Kc2 Nxc3 28. Bxc3 Qc6 29. Nf3 Qxe4+ 30. Kb3 Qxc4+
31. Kc2 Ne4 32. Nxh4 Qxc3+
0-1

[Event "The New Year Challenge, 2019 Edition"]
[Site "SchemingMind.com"]
[Date "2019.05.27"]
[Round "-"]
[White "kenneth m day"]
[Black "John C. Walton"]
[Result "0-1"]
[WhiteCountry "USA"]
[BlackCountry "USA"]
[WhiteElo "1709"]
[WhiteRD "50"]
[BlackElo "2081"]
[BlackRD "141"]
[GameID "441711"]

1. e4 c5 2. d4 cxd4 3. c3 dxc3 4. Nxc3 Nc6 5. Nf3 d6 6. Bc4 a6 7. O-O Nf6 8. Qe2 Bg4 9. Rd1 e6 10. Bg5 h6
11. Be3 Ne5 12. Bb3 Nfd7 13. h3 Nxf3+ 14. gxf3 Bxh3 15. Bf4 Qf6 16. Bg3 Qg6 17. Bc2 Ne5 18. Kh2 Qh5 19. Rh1 Nxf3+ 20. Qxf3 Qxf3
21. Kxh3 h5 22. Kh2 h4
0-1

[Event "The New Year Challenge, 2019 Edition"]
[Site "SchemingMind.com"]
[Date "2019.05.27"]
[Round "-"]
[White "John C. Walton"]
[Black "kenneth m day"]
[Result "1-0"]
[WhiteCountry "USA"]
[BlackCountry "USA"]
[WhiteElo "2081"]
[WhiteRD "141"]
[BlackElo "1709"]
[BlackRD "50"]
[GameID "441712"]

1. e4 e5 2. Bc4 Nf6 3. d3 Bc5 4. Nf3 Nc6 5. c3 a6 6. Bb3 O-O 7. O-O d6 8. Nbd2 Be6 9. Re1 Ng4 10. Re2 Qf6
11. Nf1 Na5 12. Bc2 Nc6 13. h3 Nh6 14. d4 exd4 15. e5 dxe5 16. Bg5 Qxg5 17. Nxg5 Bc4 18. Bxh7+ Kh8 19. Bd3 Bxd3 20. Qxd3 g6
21. Ne6 fxe6 22. Qxg6 Nf7 23. Re4 Be7 24. Rg4
1-0

[Event "The New Year Challenge, 2019 Edition"]
[Site "SchemingMind.com"]
[Date "2019.05.27"]
[Round "-"]
[White "kenneth m day"]
[Black "Mihir Chandrashekhar"]
[Result "0-1"]
[WhiteCountry "USA"]
[BlackCountry "IND"]
[WhiteElo "1709"]
[WhiteRD "50"]
[BlackElo "1934"]
[BlackRD "50"]
[GameID "441713"]

1. e4 d5 2. exd5 Qxd5 3. Nc3 Qa5 4. d4 Nf6 5. Bd2 c6 6. Nf3 Bg4 7. Be2 e6 8. O-O Qc7 9. h3 Bxf3 10. Bxf3 Be7
11. Re1 O-O 12. Qe2 Re8 13. Qd3 Nbd7 14. Ne4 e5 15. dxe5 Nxe5 16. Qc3 Nd5 17. Qd4 Rad8 18. Qxa7 Nxf3+ 19. gxf3 Qd7 20. Kg2 Nf6
21. Bf4 Qf5 22. Bg3 Nxe4 23. fxe4 Qb5 24. b3 Bc5 25. Qa4 Qxa4 26. bxa4 Rd4 27. f3 Red8 28. Bf4 Rxa4 29. Kg3 Kf8 30. Be3 Bxe3
31. Rxe3 Rda8 32. a3 Rc4 33. c3 Rca4 34. Rd3 Rxa3 35. Rd8+ Rxd8 36. Rxa3 b5 37. Kf2 Ke7 38. Ke3 Rd7 39. Rb3 Rd1 40. Kf4 Ke6
41. Ra3 Rc1 42. Ke3 h5 43. Kf4 g6 44. Rb3 Rg1 45. Ra3 g5+ 46. Ke3 Rg3 47. Kf2 Rxh3 48. Kg2 Rh4 49. Rb3 Rf4 50. Ra3 g4
51. fxg4 hxg4 52. Ra8 Rxe4 53. Re8+ Kd5
0-1

[Event "The New Year Challenge, 2019 Edition"]
[Site "SchemingMind.com"]
[Date "2019.05.27"]
[Round "-"]
[White "Mihir Chandrashekhar"]
[Black "kenneth m day"]
[Result "1-0"]
[WhiteCountry "IND"]
[BlackCountry "USA"]
[WhiteElo "1854"]
[WhiteRD "54"]
[BlackElo "1730"]
[BlackRD "54"]
[GameID "441714"]

1. e4 e5 2. Nc3 Nf6 3. f4 d5 4. fxe5 Nxe4 5. Nf3 Nc6 6. Bb5 Nxc3 7. bxc3 Bd7 8. Bxc6 Bxc6 9. O-O Be7 10. Nd4 O-O
11. Nf5 Bg5 12. d4 Bd7 13. Qg4 Bxf5 14. Rxf5 Bxc1 15. Rxc1 Qe7 16. Rcf1 Rae8 17. R1f3 Qe6 18. Rg3 g6 19. Qg5 Kh8 20. Rf6 Qe7
21. Rh3 Rg8 22. Rh6 Rg7 23. Qh4 Reg8 24. Qe1 c6 25. Qb1 g5 26. Qf1 Qf8 27. e6 Rg6 28. Rhxg6 hxg6 29. Rxf7 Qe8 30. Qf6+
1-0

[Event "The New Year Challenge, 2019 Edition"]
[Site "SchemingMind.com"]
[Date "2019.05.27"]
[Round "-"]
[White "kenneth m day"]
[Black "EdMoore"]
[Result "1-0"]
[WhiteCountry "USA"]
[BlackCountry "ENG"]
[WhiteElo "1745"]
[WhiteRD "50"]
[BlackElo "1237"]
[BlackRD "111"]
[GameID "441715"]

1. e4 e6 2. d4 d5 3. Nd2 Nf6 4. e5 Nfd7 5. Bd3 c5 6. c3 Nc6 7. Ne2 cxd4 8. cxd4 f6 9. exf6 Nxf6 10. Nf3 Bd6
11. O-O O-O 12. Bf4 Ne4 13. Bxd6
1-0